Na svite verše od Somolického

Bibliographic Details
Main Author: Somolický, 1863-1918 (Author)
Other Authors: Salva, Karol, 1849-1913 (Printer)
Format: Book
Language:Slovak
Published: V Ružomberku Tlačou a nákladom Karla Salvu 1892
Subjects:

MARC

LEADER 00000cam a2200000 a 4500
001 vtls001424369
003 SK-MaSNL
005 20260301012948.0
008 011115s1892 xo 00001 slo
035 |a SNK000379249 
040 |a SNK  |b slo  |c SNK  |e AACR2 
041 0 |a slo 
044 |a xo  |c SK 
080 |a 094  |2 2001 
080 |a 82  |2 2011 
080 |a 821.162.4  |2 2011 
080 |a 82-1  |2 2011 
100 1 |a Somolický,  |d 1863-1918  |4 aut  |9 181893 
245 1 |a Na svite  |b verše od Somolického 
260 |a V Ružomberku  |b Tlačou a nákladom Karla Salvu  |c 1892 
300 |a 98 s. 
500 |a Kolácia: 98, [2] s., 18 x 13 cm, 8° 
500 |a Kolácia: 98, [2] s., 17 x 12 cm, 8° 
500 |a Prepis titulného listu podľa exemplára A 49834a 
500 |a Florál. vinety, linky, rkp. marginálie viažuce sa na život a interpretáciu diela Izidora Žiaka 
500 |a Florál. vinety, linky 
561 |a Prov. Peč.: Z rezervných fondov Knižnice Matice Slovenskej - Štátna Vedecká Knižnica Prešov - rkp. III. 519/23. II. 1948  |5 SVKPO: A 49834a 
561 |a Prov. Peč.: Obecná knižnica mesta Prešova - Štátna vedecká knižnica v Košiciach pracovisko v Prešove - VII. 1960 - B 164  |5 SVKPO: A 49834 
563 |a Väzba: pôvodná, kartón, hnedočierny mramor. papier, chrbát a rohy - bordové plátno, chrbát - zlátený nápis Somolický Na svite  |5 SVKPO: A 49834a 
563 |a Väzba: pôvodná, kartón, svetlomodrý mramor. papier, chrbát a rohy - modré plátno, 4 papier. štítky  |5 SVKPO: A 49834a 
650 0 7 |a staré tlače  |2 SNKPH  |9 51683 
650 0 7 |a literatúra  |2 SNKPH  |9 1427 
650 0 7 |a slovenská literatúra  |2 SNKPH  |9 1115 
650 0 7 |a poézia  |2 SNKPH  |9 1274 
700 1 |a Martinček, Jozef,  |d 1855-1937  |4 hnr  |9 298891 
700 1 |a Salva, Karol,  |d 1849-1913  |4 prt  |9 93017 
852 |a SNK 
852 |a SVKPO  |c Historické fondy  |p A 49834 
852 |a SVKPO  |c Historické fondy  |p A 49834a 
958 |a LX 
958 |a DF 
999 |c 554821  |d 556751 
952 |a SNK  |b SNK  |y PREZ  |7 0  |p 17A0830161  |o snkSD 212   |i snk474/27  |0 0  |1 0  |4 0  |d 2013-06-04  |l 0  |r 2025-10-15 00:00:00  |w 2026-02-23 
952 |a SNK  |b SNK  |y VYP  |7 0  |p 17A0321856  |o snkSD 212 D1  |0 0  |1 0  |4 0  |d 2001-11-15  |l 0  |r 2005-01-02 00:00:00  |w 2026-02-23 
952 |a SNK  |b SNK  |y VYP  |7 0  |p 17A0360463  |o snkSD 212 D2  |0 0  |1 0  |4 0  |d 2002-11-09  |l 0  |r 2005-01-02 00:00:00  |w 2026-02-23 
952 |a SNKLM  |b SNKLM  |y NEVYP  |7 0  |o snklmMK 5057  |8 3  |0 0  |1 0  |4 0  |d 2006-09-19  |l 0  |r 2026-02-23 13:21:51  |w 2026-02-23